000 00954nam a22003017a 4500
001 6435
003 FISKH
005 20250430123346.0
008 250430b cb ||||| |||| 00| 0 eng d
020 _a078073004997
040 _aFISKH
_beng
_cFISKH
_dFISKH
050 _aPZ7
082 _a782.421640268
100 _aDemarest, Chris
245 _aShe'll be coming 'round the mountain /
_cillustrated by Chris Demarest
250 _aThis edition first printing, February 2005
260 _aNew York :
_bScholastic,
_c2003
300 _a24 unnumbered pages :
_bcolor illustrations ;
_c21 cm
490 _aSing and read story book
505 _aG
520 _aSing along out loud as you read about this wild cowgirl on her way to town!
521 8 _a340
_bLexile estimate
521 8 _aG
_bRaz-Plus
650 _aSing Along
_vSong
700 _aDemarest, Chris
_eillustrator
942 _2ddc
_cBK
_n0
999 _c6435
_d6435